Derrumbes en Guatemala
Збережено в:
| Формат: | Текст |
|---|---|
| Теги: |
Додати тег
Немає тегів, Будьте першим, хто поставить тег для цього запису!
|
MARC
| LEADER | 00000 a a2200000 04500 | ||
|---|---|---|---|
| 001 | 42497 | ||
| 003 | |||
| 040 | |||
| 245 | |a Derrumbes en Guatemala | ||
| 773 | |g volumen32, número1 (2009), páginas 10 | ||
| 999 | |c 24893 |d 24893 | ||
